000 00687cam a22002295a 4500
001 E153088
008 110607s2011 xxk f 000 0 eng d
020 _a9781405744935
035 _a(Sirsi) u153088
041 0 _aeng
245 0 0 _aScammell and Densham's law of agricultural holdings
_bsupplement
250 _a9th ed.
260 _aLondon
_bLexis Nexis
_c2011
300 _alix, 372p.
_c25cm.
520 _aUpdates the main volume to 1 January 2011.
590 _aKA
651 4 _aUnited Kingdom
_y
690 _aPROPERTY-LANDLORD AND TENANT-TENANCIES-AGRICULTURAL TENANCIES
700 1 _aWilliams, Peter R.
_eEditor
700 1 _aCardwell, Michael N.
_eEditor
942 _n0
999 _c112368
_d112368